BIBLIOTHÈQUE DE LA MAISON DU MEXIQUE

Logo 1 Logo 2

Historia general (notice nᵒ 10714)

détails MARC
000 -Sello discográfico
campo de control de longitud fija 00912nam a2200337 4500
005 - Identificación de versión
campo de control 20251016083707.0
035 ## - Otros números de control del sistema
Número de control del sistema 3875
099 ## - fechas locales
Tipo de ítem Koha LIBRO
100 ## - Datos de procesamiento general
Datos de procesamiento general 20040213d1925 m y1spay5003 ba
105 ## - Campo de datos codificados: Material textual, monográfico
Datos codificados de monografía a 001zy
200 1# - Título y mención de responsabilidad
Título propio Historia general
Designación general del material texto impreso
Otra información del título Manual escolar destinado a la enseñanza preparatoria secundaria
Primer mención de responsabilidad Justo Sierra
210 ## - Publicación, distribución, etc.
Lugar de publicación, distribución, etc. México
Nombre del editor, distribuidor, etc. Secretaría de Educación Pública
Fecha de publicación, distribución, etc. 1925
215 ## - Descripción física
Designación de material específico y extensión del ítem 699 p
Otras características físicas il.
Dimensiones 22 cm
318 ## - Nota de acción
Acción No se presta a domicilio
345 ## - Nota de información de adquisición
Fuente de adquisición/dirección de la suscripción [OBSOLETO] Donación
606 ## - Término temático usado como materia
Elemento de entrada Historia universal
Número Koha 7663
660 ## - Código de área geográfica
Código MX
676 ## - Clasificación Decimal Dewey
Número R902 S572h
700 ## - Nombre personal - Responsabilidad primaria
Elemento de entrada Sierra Méndez
Parte del nombre distinta del elemento de entrada Justo
Fechas 1848-1912
Número Koha 4260
801 #0 - Fuente de origen
Agencia cm
900 ## -
-- 1/6395
900 ## -
-- 7100418157\130204
942 ## - ELEMENTOS DE ENTRADA SECUNDARIOS (KOHA)
Tipo de ítem Koha Livre

Pas d'exemplaire disponible.